00478nam a2200121Ia 4500008004100000245016800041260004500209260000900254300000800263500001000271650001300281856006200294170516s9999 xx 000 0 und d aPreparation of bromfenac-loaded liposomes modified with chitosan for ophthalmic drug delivery and evaluation of physicochemical properties and drug release profile bAsian Journal of Pharmaceutical Sciences c2013 a8:2 aApril xPharmacy uhttp://www.sciencedirect.com/science/journal/18180876/8/2